Diseño de hardware de un controlador de LEDs para un switch de red comercial
محفوظ في:
| المؤلف الرئيسي: | |
|---|---|
| مؤلفون آخرون: | |
| التنسيق: | كتاب |
| اللغة: | Spanish |
| منشور في: |
[San José ], Costa Rica
2017
|
| الموضوعات: | |
| الوسوم: |
إضافة وسم
لا توجد وسوم, كن أول من يضع وسما على هذه التسجيلة!
|
MARC
| LEADER | 00000nam a22000007a 4500 | ||
|---|---|---|---|
| 003 | 012680 | ||
| 005 | 20231129132052.0 | ||
| 008 | 171003b2017 cr a|||| m||| 00| ||spa d | ||
| 040 | |c cru CEDI | ||
| 090 | |a TFG 7831 | ||
| 100 | |a Soto Avendaño, Jorge Ramón, 1993- |9 1510 | ||
| 245 | |a Diseño de hardware de un controlador de LEDs para un switch de red comercial | ||
| 260 | |a [San José ], Costa Rica |c 2017 | ||
| 300 | |a xv, 92 hojas ; ilustraciones | ||
| 500 | |a Tesis de graduación (licenciatura en ingeniería eléctrica)--Universidad de Costa Rica. Facultad de Ingeniería. Escuela de Ingeniería Eléctrica | ||
| 501 | |a Director de Tesis de Graduación: Ing. Enrique Coen Alfaro, M.Sc. | ||
| 650 | |x REGULADORES ELECTRICOS - DISEÑO |x DIODOS EMISORES DE LUZ |x ELECTRICIDAD - DISPOSITIVOS DE DISTRIBUCION |x SYSTEMVERILOG (LENGUAJE PARA DESCRIPCION DE EQUIPO DE COMPUTACION) |x ROUTERS (REDES DE COMPUTADORAS) - EQUIPO Y ACCESORIOS |x CIRCUITOS INTEGRADOS PARA APLICACIONES ESPECIFICAS |9 10027 | ||
| 700 | |a Coen Alfaro, Enrique, 1976- |d Director del TFG |9 876 | ||
| 942 | |c TFG |h TFG 7831 |i 012680 |6 TFG_7831_012680000000000 | ||
| 999 | |c 19067 |d 19067 | ||
